000 00562nam a2200205Ia 4500
005 20250923150016.0
008 008 250917s9999 xx 000 0 eng d
037 _aTextual
040 _aDSWL
_beng
_cDSWL
041 _aeng
_2eng
084 _aR2:(Y), N99
_qDSWL
100 _aGoldman, A.I.
_9841235
245 0 _aKnowledge in a social world
_c by A.I. Goldman
260 _aOxford
_b Clarendon Press
_c1999
300 _axiii,407 p.
365 _aGBP
_b16.99
925 _g16.99
942 _cTEXL
_hR2:(Y), N99
999 _c1458440
_d1458440